Statistiques concernant Nommez l'auteur du livre #2

Cliquez ici pour prendre le quiz!

Statistiques générales

  • Ce quiz a été pris 94 fois
  • Le résultat moyen est 9 sur 24

Statistiques - réponses

Réponse% Correct
Albert Camus
90%
Stendhal
90%
Homère
84%
William Shakespeare
81%
Molière
72%
Kafka
63%
Charles Dickens
62%
Stephen King
57%
Jean-Paul Sartre
49%
René Goscinny
47%
Margerite Yourcenar
46%
Honoré de Balzac
42%
Herman Melville
35%
Michel Tournier
30%
Albert Cohen
27%
Rick Riordan
22%
Bret Easton Ellis
10%
James Dashner
8%
Ransom Riggs
5%
Anatole France
3%
David Goudreault
3%
Jeff Kinney
3%
Voltaire
3%
Yann Martel
3%

Distribution des résultats

Percentile par nombre de réponses

% des personnes avec chaque résultat

Votre développement - résultats

Vous n’avez pas pris ce quiz